Foundations of quality risk management : a practical approach to effective risk-based thinking /

Bibliographic Details
Main Author: Moon, Jayet, (Author)
Format: eBook
Language:English
Published: Milwaukee, Wisconsin : Quality Press, [2020]
Subjects:
Online Access:Click to View
LEADER 01704nam a2200397 i 4500
001 EBC6480254
003 MiAaPQ
005 20210707153640.0
006 m o d |
007 cr cnu||||||||
008 210707s2020 wiua ob 001 0 eng d
020 |z 9781951058326  |q (print) 
020 |z 9781951058340  |q (electronic bk.) 
035 |a (MiAaPQ)EBC6480254 
035 |a (Au-PeEL)EBL6480254 
035 |a (OCoLC)1163943399 
040 |a MiAaPQ  |b eng  |e rda  |e pn  |c MiAaPQ  |d MiAaPQ 
050 4 |a HD61  |b .M666 2020 
082 0 |a 658.155  |2 23 
100 1 |a Moon, Jayet,  |e author. 
245 1 0 |a Foundations of quality risk management :  |b a practical approach to effective risk-based thinking /  |c Jayet Moon. 
264 1 |a Milwaukee, Wisconsin :  |b Quality Press,  |c [2020] 
264 4 |c 2020 
300 |a 1 online resource (385 pages) :  |b illustrations 
336 |a text  |b txt  |2 rdacontent 
337 |a computer  |b c  |2 rdamedia 
338 |a online resource  |b cr  |2 rdacarrier 
504 |a Includes bibliographical references and index. 
588 |a Description based on print version record. 
590 |a Electronic reproduction. Ann Arbor, MI : ProQuest, 2018. Available via World Wide Web. Access may be limited to ProQuest affiliated libraries. 
650 0 |a Risk management. 
650 0 |a Quality control. 
655 4 |a Electronic books. 
776 0 8 |i Print version:  |a Moon, Jayet.  |t Foundations of quality risk management : a practical approach to effective risk-based thinking.  |d Milwaukee, Wisconsin : Quality Press, c2020   |h 385 pages   |z 9781951058326   |w (DLC) 2020029338 
797 2 |a ProQuest (Firm) 
856 4 0 |u https://ebookcentral.proquest.com/lib/matrademy/detail.action?docID=6480254  |z Click to View